International Research on Natural Resources Management: : advances in impact assessment

Bibliographic Details
Other Authors: Waibel, Herman, Zilberman, DavidFreeman, H. Ade
Format: Book
Published: Wallingford, Oxfordshire, UK Cambridge, MA, USA : CABI Pub. , c2007.
Subjects:

MARC

LEADER 00000cam a2200000 7i4500
001 0000004010
005 20131024.0
020 0 0 |a 9781845932831 
090 0 0 |a 338.1   |b NAT 2007 
245 1 0 |a International Research on Natural Resources Management: :   |b advances in impact assessment   |c edited by Herman Waibel & David Zilberman. 
260 0 0 |a Wallingford, Oxfordshire, UK   |a Cambridge, MA, USA :   |b CABI Pub. ,   |c c2007. 
300 |a xviii, 270 p. :   |b ill. ;   |c 25 cm. 
650 0 0 |a Consultative Group on International Agriculture Research. 
650 0 0 |a Natural resources---management---research 
700 1 1 |a Waibel, Herman 
700 1 1 |a Zilberman, DavidFreeman, H. Ade. 
998 |a JPSM 
999 |a 007824   |b Monograph   |c Open Shelf   |e Default branch